000 00544nam a2200217Ia 4500
003 OSt
005 20220928141853.0
006 a|||||r|||| 00| 0
007 ta
008 220927b |||||||| |||| 00| 0 eng d
024 _a18198
037 _cTextual
040 _aSDCL
_cSDCL
_beng
041 _2eng
_aeng
082 _aP15,Cx1,1, M6
100 _aBhandare V V
_9502576
245 0 _aSanskrit speech habits and Panini.
260 _c1986
942 _hP15,Cx1,1, M6
_cTEXL
_2CC
999 _c820461
_d820461